Statistics for 15 Middle-most of all the European Capitals, by latitude

Click here to take the quiz!

General Stats

  • This quiz has been taken 42 times
  • The average score is 13 of 15

Answer Stats

LatitudeAnswer% Correct
47.47 Budapest
100%
48.2 Vienna
100%
48.85 Paris
95%
46.95 Bern
92%
48.13 Bratislava
92%
50.08 Prague
89%
44.42Bucharest
87%
47.13 Vaduz
84%
45.82 Zagreb
84%
50.85 Brussels
82%
50.45 Kiev
82%
46.05 Ljubljana
82%
49.6 Luxembourg City
82%
44.82 Belgrade
79%
47.0Chisinau
50%

Score Distribution

Percentile by Number Answered

Percent of People with Each Score

Your Score History

You have not taken this quiz